000 00487nam a2200133Ia 4500
008 100328s9999 xx 000 0 und d
082 _b54183
100 _aआपटे आ.स.
245 _aरेडिओचे अंतरंग व कार्यपदती
260 _bउदयम
630 _aरेडिओचे अंतरंग व कार्यपदती
730 _aरेडिओचे अंतरंग व कार्यपदती
942 _cBOOK
999 _c540906
_d540903